| 000 | 00509nam a2200181Ia 4500 | ||
|---|---|---|---|
| 999 |
_c28084 _d28084 |
||
| 003 | OSt | ||
| 005 | 20210107121212.0 | ||
| 008 | 190216s9999||||xx |||||||||||||| ||und|| | ||
| 020 | _a9788124005576 | ||
| 040 | _coclc | ||
| 082 |
_a954 _bNAM/V |
||
| 100 |
_aNamboothiri, N M _93269 |
||
| 245 | 0 |
_aVellayute Charithram / _cN M Namboothiri |
|
| 260 |
_bCurrent Books, _aKottayam: _c1998. |
||
| 300 | _a110p | ||
| 650 | _aMalayalam Charithram | ||
| 942 |
_cBK _2ddc _h954 _iNAM/V _k954 _mNAM/V |
||